El diálogo como filosofía

שמור ב:
מידע ביבליוגרפי
מחבר ראשי: Gómez Lasa, Gastón (Author)
פורמט: ספר
שפה:ספרדית
יצא לאור: Santiago Universidad de Chile 1956
נושאים:
תגים: הוספת תג
אין תגיות, היה/י הראשונ/ה לתייג את הרשומה!

MARC

LEADER 00000nam a2200000 a 4500
001 UCI0307
003 CL-VaPUC
008 070504e19560000CL |||||||||||||||||spa|d
082 0 4 |a 184  |b GOM  |2 21 
100 |a Gómez Lasa, Gastón  |e author  |9 572355 
245 1 3 |a El diálogo como filosofía 
300 |a v 
942 |c BK 
945 |d 20070504 00:00:00  |a jtorresc 
260 |a Santiago  |b Universidad de Chile  |c 1956 
650 0 |a Filosofía antigua   |9 255705 
583 |a last modification  |c 20130304 05:01:06  |k Rodrigo Vera 
999 |c 325544  |d 325542 
952 |0 0  |1 0  |4 0  |6 184_000000000000000_GOM_1956  |7 0  |8 A  |9 406529  |a FDOPOS  |b FDOPOS  |d 2019-11-22  |h v.1  |i 4269594  |o 184 GOM 1956  |p 4269594  |r 2025-01-22  |w 2019-11-22  |y BK  |k MLA 
952 |0 0  |1 0  |4 0  |6 184_000000000000000_GOM_1956  |7 0  |8 A  |9 406530  |a FDOPOS  |b FDOPOS  |d 2019-11-22  |h v.2  |i 4270835  |o 184 GOM 1956  |p 4270835  |r 2025-01-22  |w 2019-11-22  |y BK  |k MLA